Statistics for Croatia A-Z

Click here to take the quiz!

General Stats

  • This quiz has been taken 433 times
  • The average score is 12 of 22

Answer Stats

HintAnswer% Correct
ASeaAdriatic
94%
ZCapital cityZagreb
89%
SLongest riverSava
74%
TFirst president; FranjoTuđman
74%
VHero cityVukovar
74%
DHighest mountainDinara
72%
KFour rivers cityKarlovac
71%
PBasketball Mozart; DraženPetrović
68%
GOfficial newspaper founder; LjudevitGaj
66%
HSmallest cityHum
63%
JPerson on 20 kuna bill; JosipJelačić
61%
IFirst country to recognize CroatiaIceland
55%
LNational anthemLijepa naša domovino
55%
CNecktieCravat
46%
OFirst tourist destinationOpatija
41%
NFirst national commercial TV stationNova TV
36%
BOlympic Centre and ski resortBjelolasica
35%
R1989 Eurovision Song Contest winnerRiva
35%
F1995 May OperationFlash
24%
EPlace of war-ending agreementErdut
16%
U1987 international sport eventUniversiade
10%
M1979 international sport eventMediterranean Games
9%

Score Distribution

Percentile by Number Answered

Percent of People with Each Score

Your Score History

You have not taken this quiz